LEADER 01624nam 2200529 450 001 996466387303316 005 20230427104031.0 010 $a3-030-86208-9 035 $a(CKB)4100000012027042 035 $a(MiAaPQ)EBC6727859 035 $a(Au-PeEL)EBL6727859 035 $a(OCoLC)1268361510 035 $a(PPN)258053542 035 $a(EXLCZ)994100000012027042 100 $a20220620d2021 uy 0 101 0 $aeng 135 $aurcnu|||||||| 181 $ctxt$2rdacontent 182 $cc$2rdamedia 183 $acr$2rdacarrier 200 10$aAdvances in fuzzy group decision making /$fTin-Chih Toly Chen 210 1$aCham, Switzerland :$cSpringer,$d[2021] 210 4$dŠ2021 215 $a1 online resource (94 pages) 225 1 $aSpringerBriefs in Applied Sciences and Technology 311 $a3-030-86207-0 410 0$aSpringerBriefs in applied sciences and technology. 606 $aFuzzy decision making 606 $aConjunts borrosos$2thub 606 $aDecisiķ de grup$2thub 606 $aModels matemātics$2thub 606 $aGroup decision making$xMathematical models 608 $aLlibres electrōnics$2thub 615 0$aFuzzy decision making. 615 7$aConjunts borrosos 615 7$aDecisiķ de grup 615 7$aModels matemātics 615 0$aGroup decision making$xMathematical models. 676 $a003.56 700 $aChen$b Toly$f1969-$01242633 801 0$bMiAaPQ 801 1$bMiAaPQ 801 2$bMiAaPQ 906 $aBOOK 912 $a996466387303316 996 $aAdvances in fuzzy group decision making$92882592 997 $aUNISA LEADER 00924nam0 22002771i 450 001 UON00502609 005 20231205105421.519 010 $a95-11-07011-8 100 $a20200211d1982 |0itac50 ba 101 $afin 102 $aFI 105 $a|||| 1|||| 200 1 $aKaksi suomea$fMatti Klinge 205 $a2. lisätty painos 210 $aHelsinki$cOtava$d1982 215 $a251 p.$ctav.$d20 cm. 620 $aFI$dHelsinki$3UONL000062 676 $a948.9$cFINLANDIA - STORIA$v21 700 1$aKLINGE$bMatti$3UONV220412$0712216 712 $aOtava$3UONV270694$4650 801 $aIT$bSOL$c20240220$gRICA 899 $aSIBA - SISTEMA BIBLIOTECARIO DI ATENEO$2UONSI 912 $aUON00502609 950 $aSIBA - SISTEMA BIBLIOTECARIO DI ATENEO$dSI FIU A 0680 $eSI EO 12253 7 0680 996 $aKaksi suomea$91668700 997 $aUNIOR